000 01419nam a2200301 a 4500
001 000013492
003 DO-SdBNP
005 20250502073819.0
008 091125s1984 dr f000 0 spa d
040 _aDO-SdBNP
_bspa
_cBNPHU
082 4 _a345.729302
_bR426c 1984
_222
110 1 _aRepública Dominicana.
_9447
240 1 0 _aCódigo de procedimiento criminal
245 1 0 _aCódigo de procedimiento criminal de la República Dominicana /
_cedición dirigida por Emmanuel T. Esquea Guerrero y Raymundo Amaro Guzmán.
250 _aedición oficial
260 _aSanto Domingo :
_bPublicaciones ONAP,
_c1984.
300 _a123 p. ;
_c22 cm.
500 _aActualizada por la comisión nombrada mediante Decreto No. 826 del 26 de febrero de 1983 del Presidente de la República Dr. Salvador Jorge Blanco en ocasión de los actos conmemorativos del Centenario de la adopción en el país de los códigos franceses.
590 0 _aInventariado,2018/DG
650 4 _aDerecho penal
_xLegislación
_zRepública Dominicana
_916570
650 4 _aProcedimiento penal
_xLegislación
_zRepública Dominicana
_916571
650 4 _aLeyes
_zRepública Dominicana
_93033
700 1 _aEsquea Guerrero, Emmanuel T,
_930792
700 1 _aAmaro Guzmán, Raymundo
_9656
710 1 _aRepública Dominicana.
_bOficina Nacional de Administración y Personal
_926398
910 _aValidado. Control de calidad EMS
942 _2ddc
_cLBS1
999 _c13116
_d13116